000 01124 a2200217 4500
005 2008091006076.0
008 080910t xxu||||| |||| 00| 0 hin d
010 _aHIN-79536
020 _a8181661486
_c100.00
035 _aHN-51882
037 _bD.B.Act / pub
082 _a954.022
100 _aगोयलीय, अयोध्याप्रसाद
245 _aमुगल बादशाहों की कहानी उनकी ज़बानी
_cअयोध्याप्रसाद गोयलीक
246 _aMughal Badshahon kee Kahani Unki Jabani
260 _aदिल्ली
_bमेधा बुक्स
_c2006
270 _aएक्स-11,नवीन शाहदरा
_bदिल्ली
_e110032
_k22323672
_mmedhabooks@rediffmail.com
300 _a267पृ
_c22 सेमी (अजिल्द)
942 _adpl
_cHN
_k954.022 / गोयली
_2ddc
_h954.022
_mगोयली
999 _c2932
_d2932